|
|
|
|
| LEADER |
01278nam a2200265 a 4500 |
| 001 |
3084808 |
| 003 |
BD-DhAAL |
| 008 |
091103s1997 bg ab b 000 0 eng d |
| 010 |
|
|
|a \\\97905297
|
| 020 |
|
|
|a 9840513974
|
| 040 |
|
|
|a DLC
|c DLC
|d DLC
|d BD-DhAAL
|
| 082 |
0 |
0 |
|a 338.3/72/095492
|2 21
|
| 100 |
1 |
|
|a Ali, M. Youssouf,
|q (Muhammad Youssouf)
|9 53501
|
| 245 |
1 |
0 |
|a Fish, water, and people :
|b reflections on inland openwater fisheries resources of Bangladesh /
|c M. Youssouf Ali.
|
| 260 |
|
|
|a Dhaka :
|b Published for Bangladesh Centre for Advanced Studies [by] University Press,
|c 1997.
|
| 300 |
|
|
|a xiv, 154 p. :
|b ill., maps ;
|c 25 cm.
|
| 504 |
|
|
|a Includes bibliographical references (p. [151]-154).
|
| 541 |
1 |
|
|e 00007558
|
| 650 |
|
0 |
|a Fisheries
|z Bangladesh.
|9 15357
|
| 710 |
2 |
|
|a Bangladesh Centre for Advanced Studies.
|
| 852 |
4 |
|
|a Ayesha Abed Library
|j General shelf
|
| 942 |
|
|
|2 ddc
|c BK
|
| 999 |
|
|
|c 5086
|d 5086
|
| 952 |
|
|
|0 0
|1 0
|2 ddc
|4 0
|6 338_372095492000000_ALI_1997
|7 0
|9 4939
|a BRACUL
|b BRACUL
|c GEN
|d 2009-11-04
|g 300.00
|l 0
|o 338.372095492 ALI
|p 3010007558
|r 2009-11-04
|t 1
|v 600.00
|w 2009-11-04
|y BK
|
| 952 |
|
|
|0 0
|1 0
|2 ddc
|4 0
|6 338_372095492000000_ALI
|7 0
|9 20849
|a IGS
|b IGS
|d 2012-07-31
|e The University Press
|g 300.00
|l 1
|m 2
|o 338.372095492 ALI
|p 3010025747
|r 2014-06-09
|s 2013-02-18
|t 2
|w 2012-07-31
|y BK
|